Football, Basketball, Tennis, or Neither? - Statistics

General Stats
  • This quiz has been taken 43 times
  • The average score is 27 of 40
Answer Stats
Hint Answer % Correct
Carlos Alcaraz Tennis
95%
Jannik Sinner Tennis
90%
Nikola Jokić Basketball
88%
Andy Roddick Tennis
88%
Giannis Antetokounmpo Basketball
83%
Juan Martín del Potro Tennis
83%
Stan Wawrinka Tennis
83%
Thierry Henry Football
80%
Tim Duncan Basketball
80%
Luka Dončić Basketball
80%
Yao Ming Basketball
80%
Goran Ivanišević Tennis
80%
Noah Lyles Neither
78%
Manny Pacquiao Neither
75%
Diego Forlán Football
75%
Lleyton Hewitt Tennis
75%
Armand Duplantis Neither
73%
Bastian Schweinsteiger Football
73%
Dirk Nowitzki Basketball
73%
Casper Ruud Tennis
73%
Bill Russell Basketball
70%
Joel Embiid Basketball
70%
Memphis Depay Football
68%
Ben Shelton Tennis
68%
Mo Farah Neither
63%
George Weah Football
63%
Jesse Lingard Football
63%
Pau Gasol Basketball
63%
Luke Littler Neither
60%
Patrice Evra Football
60%
Manute Bol Basketball
60%
Lando Norris Neither
58%
Gustavo Kuerten Tennis
53%
Fabiano Caruana Neither
50%
Clint Dempsey Football
50%
Bryan Habana Neither
48%
Carlos Valderrama Football
45%
Nigel Richards Neither
43%
David Popovici Neither
43%
Luka Jović Football
38%
No matching quizzes found
Score Distribution
Percent of People with Each Score
Percentile by Number Answered
Your Score History
You have not taken this quiz